| 000 | 01756cam a22004214i 4500 | ||
|---|---|---|---|
| 003 | PE-LiUPU | ||
| 005 | 20250731173301.0 | ||
| 008 | 150616s txu r 000 0 spa d | ||
| 035 | _a(Sirsi) a3626 | ||
| 040 |
_aPE-LiUPU _bspa _cPE-LiUPU _erda |
||
| 049 | _aPRUA | ||
| 082 | 0 | 4 |
_a269.2 _bN338e _223 |
| 100 | 1 | 0 |
_aNeal, Charles L., _eautor. |
| 245 | 1 | 0 |
_aEvangelismo personal / _cNeal, Charles L. |
| 264 | 1 |
_aTexas : _bCasa Bautista de Publicaciónes, _c1968. |
|
| 300 |
_a237 páginas ; _c19 centímetros. |
||
| 336 |
_atext _2rdacontent |
||
| 337 |
_aunmediated _2rdamedia |
||
| 338 |
_avolume _2rdacarrier |
||
| 505 | 0 | _aImportancia, ventajas y requisitos del evangelismo personal -- Cristo, nuestro ejemplo -- Una tarea universal -- El mensaje salvador -- Evangelismo en la gran comisión -- El plan de la salvación -- Oposoción satánica -- Entre los niños -- Los moralistas -- Los que no están convictos, y los que están convictos en pecado -- Los temerosos e incrédulos -- El don de lenguas -- El pentecostalismo -- Los adventistas del séptimo día -- El russelismo o los testigos de Jehová -- El mormonismo -- El espiritismo -- La ciencia cristiana -- El catolicismo. | |
| 526 | _aSEG42 | ||
| 526 | _aSEG41 | ||
| 526 | _aSEG40 | ||
| 526 | _aSEG39 | ||
| 526 | _aP94 | ||
| 526 | _aP87 | ||
| 526 | _aP86 | ||
| 526 | _aP85 | ||
| 526 | _aP77 | ||
| 526 | _aP76 | ||
| 526 | _aP35 | ||
| 650 | 0 | 4 | _aEvangelismo personal. |
| 910 | _ajck | ||
| 942 |
_2ddc _cBK _n0 |
||
| 949 |
_a269.2 N338e _wDEWEY _c1 _i05522 _lCCODEBUL1 _mBUL _p00.00 _r0 _sY _tBOOK _u2015-04-23 _xTEOLOGIA _zUNKNOWN _0COMPRA _o.STAFF. Colección General |
||
| 980 |
_81 _gALBERTO SANCHEZ Responsable de Automatización |
||
| 999 |
_c44312 _d44312 |
||